| 000 | 01142nam a22002895a 4500 | ||
|---|---|---|---|
| 005 | 20170320102604.0 | ||
| 008 | 160523t2012 enka frb 001 0 eng d | ||
| 020 | _a9781780767758 | ||
| 040 |
_aEG-ScBUE _beng _cEG-ScBUE _dEG-ScBUE |
||
| 043 |
_af-sl--- _af-lb--- |
||
| 082 | 0 | 4 |
_a320.966404 _bHAR _222 |
| 100 | 1 |
_aHarris, David _q(David John), _940072 _d1963- |
|
| 245 | 1 | 0 |
_aCivil war and democracy in West Africa : _bconflict resolution, elections and justice in Sierra Leone and Liberia / _cDavid Harris. |
| 260 |
_aLondon ; _aNew York : _bI. B. Tauris, _cc.2012. |
||
| 300 |
_axvi, 300 p. : _bill. ; _c22 cm. |
||
| 490 | 0 |
_aInternational library of African studies ; _v29 |
|
| 500 | _aIndex : p. [295]-300. | ||
| 504 | _aBibliography : p. [276]-294. | ||
| 650 | 7 |
_aDemocracy _zSierra Leone. _2BUEsh |
|
| 650 | 7 |
_aConflict management _zSierra Leone. _2BUEsh |
|
| 650 | 7 |
_aDemocracy _zLiberia. _2BUEsh |
|
| 650 | 7 |
_aConflict management _zLiberia. _2BUEsh |
|
| 651 | 7 |
_aSierra Leone _x Politics and government _y1961- _2BUEsh |
|
| 651 | 7 |
_aLiberia _xPolitics and government _y1980- _2BUEsh |
|
| 653 |
_bBUSBOL _cMay2016 _cMarch2017 |
||
| 942 | _2ddc | ||
| 999 |
_c21802 _d21774 |
||